000 00324 a2200157 4500
001 44672
020 _a8585923105
040 _cAnchieta - Aquarius
100 _aGouveia, Luis Augusto
240 1 0 _aLucas
_lpor
245 1 0 _aLucas
300 _a
362 0 _a1997
650 4 _aLiteratura infanto-juvenil
942 _cBK
999 _c44672
_d44672